000
00267nam a22001097a 4500
008
170116b xxu||||| |||| 00| 0 eng d
020
_a
9781437708608
041
_a
eng
080
_2
5TH
_a
618.2
245
_a
COMMUNITY/ PUBLIC HEALTH NURSING
_c
NIES, M.A
942
_2
udc
_c
BK
999
_c
2973
_d
2973